000 01040nam a22001937a 4500
005 20240222113059.0
010 _aB-758504-513 SP
020 _a9789391881337
_c450.00
035 _aB-758504-513 SP
037 _bलता मल्लिकार्जुना
082 _a
100 _aलता मल्लिकार्जुना
_962385
245 _a... बस पौ फटी है /
_cलता मल्लिकार्जुना
260 _aनई दिल्ली
_bवाणी प्रकाशन
_c2022
270 _a4695, 21-ए, दरियागंज
_bनई दिल्ली
_e110002
300 _a208 पृ..
_c22सेमी (सजिल्द)
942 _2ddc
_cHN
_h
_mलताम
999 _c200946
_d200946